Politics and reformations : (Registro nro. 27097)

Detalles MARC
000 -LEADER
campo de control de longitud fija 03355cam a22004934i 4500
003 - IDENTIFICADOR DE NÚMERO DE CONTROL
campo de control PE-LiUPU
005 - FECHA Y HORA DE LA ÚLTIMA TRANSACCIÓN
campo de control 20250731173053.0
008 - DATOS DE LONGITUD FIJA--INFORMACIÓN GENERAL
campo de control de longitud fija 180308s2007 ne 0 r0 001 0 eng d
020 ## - NÚMERO INTERNACIONAL ESTÁNDAR DEL LIBRO
Número Internacional Estándar del Libro 9789004161726
035 ## - NÚMERO DE CONTROL DEL SISTEMA
Número de control de sistema (Sirsi) a241470
040 ## - FUENTE DE CATALOGACIÓN
Centro catalogador/agencia de origen PE-LiUPU
Lengua de catalogación spa
Centro/agencia transcriptor PE-LiUPU
Normas de descripción rda
049 ## - FONDOS LOCALES (OCLC)
Biblioteca depositaria PRUA
082 04 - NÚMERO DE LA CLASIFICACIÓN DECIMAL DEWEY
Número de clasificación 270.0
Cutter P7
Número de edición 23
245 00 - MENCIÓN DEL TÍTULO
Título Politics and reformations :
Resto del título histories and reformations : essays in honor of Thomas A. Brady, Jr. /
Mención de responsabilidad, etc. Christopher Ocker.
264 #1 - PRODUCCIÓN, PUBLICACIÓN, DISTRIBUCIÓN, FABRICACIÓN Y COPYRIGHT
Producción, publicación, distribución, fabricación y copyright Leiden :
Nombre del de productor, editor, distribuidor, fabricante Brill,
Fecha de producción, publicación, distribución, fabricación o copyright 2007.
300 ## - DESCRIPCIÓN FÍSICA
Extensión XXI, 471 páginas ;
Dimensiones 25 centímetros.
336 ## - TIPO DE CONTENIDO
Término de tipo de contenido text
Fuente rdacontent
337 ## - TIPO DE MEDIO
Nombre/término del tipo de medio unmediated
Fuente rdamedia
338 ## - TIPO DE SOPORTE
Nombre/término del tipo de soporte volume
Fuente rdacarrier
490 0# - MENCIÓN DE SERIE
Mención de serie Studies in medieval and Reformation traditions ;
Designación de volumen o secuencia 127
504 ## - NOTA DE BIBLIOGRAFÍA, ETC.
Nota de bibliografía, etc. Indice : páginas 461-471.
505 0# - NOTA DE CONTENIDO CON FORMATO
Nota de contenido con formato Tempests and Stürme in Reformation studies : some scholarly and personal observations -- The Reformation in post-war historiography : an American contribution -- Ranke, Lamprecht, and Luther -- The Reformation and the early social sciences (Marx, Weber, Durkheim, Freud) : toward a cultural epidemiology -- Ranke meets Gadamer : the question of agency in the Reformation -- Historians without borders? : l'histoire croisée and early modern social history -- Recent studies of the Roman Inquisition -- Hermann Conring and the European history of law -- The Reformation of the Enlightenment : German histories in the eighteenth century -- Historical writing and German identity : Jacob Wimpheling and Sebastian Franck -- Perfecting the past : Charles the Bold and traditional historiography in early modern Germany -- The personal is political : convents in the Holy Roman Empire -- Guerre et paix dans les écrits de Zwingli et de Luther : une comparaison -- Luther and Müntzer see Mary's Magnificat through different spectacles -- Beyond the Freedom of the will : Erasmus' struggle for grace -- Tolerance and heresy : Martin Bucer's radical new definition of Christian fellowship -- Landgrave Philipp's dilemma : the roots of tolerance and the desire for Protestant unity -- Calvin in Germany -- Confessionalization in early modern Germany : a Jewish perspective -- Catholic intensity in post-Reformation Germany : preaching on the passion and Catholic identity in the sixteenth and seventeenth centuries -- Pietism, ministry, and church discipline : the tribulations of Christoph Matthäus Seidel -- Religious wars at home : the problem of confessionally mixed families -- Trouble with miracles : an episode in the culture and politics of wonder in colonial Mexico.
526 ## - NOTA DE INFORMACIÓN SOBRE EL PROGRAMA DE ESTUDIO
Nombre del programa Segunda Especialidad En Profecías Bíblicas
526 ## - NOTA DE INFORMACIÓN SOBRE EL PROGRAMA DE ESTUDIO
Nombre del programa Segunda Especialidad En Nuevo Testamento
526 ## - NOTA DE INFORMACIÓN SOBRE EL PROGRAMA DE ESTUDIO
Nombre del programa Segunda Especialidad En Antiguo Testamento
526 ## - NOTA DE INFORMACIÓN SOBRE EL PROGRAMA DE ESTUDIO
Nombre del programa Segunda Especialidad En Estudios Adventistas
526 ## - NOTA DE INFORMACIÓN SOBRE EL PROGRAMA DE ESTUDIO
Nombre del programa Doctorado en teología
526 ## - NOTA DE INFORMACIÓN SOBRE EL PROGRAMA DE ESTUDIO
Nombre del programa Maestría en teología histórica
526 ## - NOTA DE INFORMACIÓN SOBRE EL PROGRAMA DE ESTUDIO
Nombre del programa Maestría en teología bíblica
526 ## - NOTA DE INFORMACIÓN SOBRE EL PROGRAMA DE ESTUDIO
Nombre del programa Maestría en teología
526 ## - NOTA DE INFORMACIÓN SOBRE EL PROGRAMA DE ESTUDIO
Nombre del programa Maestría en misionología
526 ## - NOTA DE INFORMACIÓN SOBRE EL PROGRAMA DE ESTUDIO
Nombre del programa Maestría en liderazgo eclesiástico
526 ## - NOTA DE INFORMACIÓN SOBRE EL PROGRAMA DE ESTUDIO
Nombre del programa Teología
596 ## -
-- 1
650 04 - PUNTO DE ACCESO ADICIONAL DE MATERIA--TÉRMINO DE MATERIA
Término de materia o nombre geográfico como elemento de entrada Church history.
650 04 - PUNTO DE ACCESO ADICIONAL DE MATERIA--TÉRMINO DE MATERIA
Término de materia o nombre geográfico como elemento de entrada Historia de la iglesia.
9 (RLIN) 469
700 1# - ENTRADA AGREGADA--NOMBRE PERSONAL
Nombre de persona Ocker, Christopher,
Término indicativo de función/relación editor.
700 1# - ENTRADA AGREGADA--NOMBRE PERSONAL
Nombre de persona Brady, Thomas A.,
Término indicativo de función/relación editor.
910 ## - DATOS DE OPCIÓN DEL USUARIO (OCLC)
Datos de opción del usuario dbm
-- ksl
-- ksl
-- 20180308
942 ## - ELEMENTOS DE ENTRADA SECUNDARIOS (KOHA)
Fuente del sistema de clasificación o colocación Clasificación Decimal Dewey
Tipo de ítem Koha
994 ## -
-- C0
-- PEPRU
999 ## - NÚMEROS DE CONTROL DE SISTEMA (KOHA)
-- LC
-- 78465
-- 2018-3-12
-- 2021-11-11
-- 3
-- CCODEBUL1
-- BUL
-- 1
-- 38.00
-- 1
-- 0
-- Y
-- BOOK
-- 2018-3-8
-- TEOLOGIA
-- P35
-- DONACION
-- FCOMPRA
-- .STAFF. Colección Teología
980 ## - EQUIVALENCIA O REFERENCIA-CRUZADA-MENCIÓN DE SERIE--NOMBRE DE PERSONA/TÍTULO [LOCAL, CANADÁ]
ID del último usuario que modificó el registro 1
Nombre del último usuario que modificó el registro ALBERTO SANCHEZ Responsable de Automatización
Existencias
Visto por última vez Número de inventario Total de préstamos Signatura topográfica completa Código de barras Fecha del último préstamo Copia número Coste, precio de reemplazo Fecha de reemplazo Facultad Tipo de ítem Koha Nota pública Estado de pérdida Fuente del sistema de clasificación o colocación Restricciones de uso No para préstamo Colección Programa académico Biblioteca de origen Biblioteca actual Ubicación en estantería Fecha de adquisición Fuente de adquisición Coste, precio normal de compra
2025-12-02 4 2 270.0 P7 78465 2022-10-25 e1 43.00 2018-03-08   Libros físicos inventario-2023-12-13 No Perdido Clasificación Decimal Dewey No restringido Disponible para préstamos Colección General Teología Biblioteca CRAI UPeU Lima Biblioteca CRAI UPeU Lima Sala principal 2018-03-08 DONACION 38.00